Bài tập giải tích

Đã lưu trong:
Bibliografiske detaljer
Hovedforfatter: Trần, Đức Long
Format: Bog
Sprog:Undetermined
Udgivet: Hà Nội Đại học Quốc gia Hà Nội 2002
Fag:
Tags: Tilføj Tag
Ingen Tags, Vær først til at tagge denne postø!
Thư viện lưu trữ: Trung tâm Học liệu Trường Đại học Cần Thơ
LEADER 00594nam a2200193Ia 4500
001 CTU_87295
008 210402s9999 xx 000 0 und d
020 |c 35700 
082 |a 515.076 
082 |b L431/T.2 
100 |a Trần, Đức Long 
245 0 |a Bài tập giải tích 
245 0 |c Trần Đức Long, Nguyễn Đình Sang, Hoàng Quốc Toàn 
260 |a Hà Nội 
260 |b Đại học Quốc gia Hà Nội 
260 |c 2002 
650 |a mathematical analysis 
904 |i Trúc 
980 |a Trung tâm Học liệu Trường Đại học Cần Thơ